| 000 | 00427cam a2200181ua 4500 | ||
|---|---|---|---|
| 020 | _c3.00 | ||
| 041 |
_ahin _h |
||
| 082 |
_a891.43 _bARA/SU |
||
| 100 | _aAranjyoti, . | ||
| 245 |
_aSubodh hindi vyakaran / _cAranjyoti. _hTextual Documents |
||
| 250 |
_a2 / _b. |
||
| 260 |
_a : _bRadhakrishna prakashan , _c1969. |
||
| 300 | _a198 ; . | ||
| 365 | _a3.00 | ||
| 504 | _a | ||
| 942 | _cBK | ||
| 999 |
_c11924 _d11924 |
||